| 000 | 01117nam a22002777a 4500 | ||
|---|---|---|---|
| 005 | 2012011206306.0 | ||
| 008 | 120112t xxu||||| |||| 00| 0 eng d | ||
| 010 | _aENG-104695 | ||
| 020 |
_a9780070704442 _c1099.00 |
||
| 020 |
_a0070704449 _c1099.00 |
||
| 035 | _aEN-88228 | ||
| 037 | _bDBAD/PUB | ||
| 040 |
_aDPL _bEng |
||
| 082 | 0 | 0 | _a673.72232 |
| 100 | 1 |
_aSingh, R.V. _939009 |
|
| 245 | 1 | 0 |
_aAluminium-rolling : _bprocess, principles & applications / _cby R.V. Singh |
| 260 |
_c2011 _aNew Delhi _bTata McGraw Hill |
||
| 270 |
_a7 West Patel Nagar _bNew Delhi _e110001 |
||
| 300 |
_axxiii,486p. : _bill _c24cm(Hb) |
||
| 500 | _aIncludes bibliographical references and index. | ||
| 650 |
_aAluminum _939013 |
||
| 650 |
_aRolling (Metal-work) _939014 |
||
| 942 |
_2ddc _cEN _h673.72232 _mSIN |
||
| 999 |
_c60760 _d60760 |
||